000 00922nam a2200253 a 4500
001 50215
003 BD-RjUL
005 20211209075457.0
008 160824r20091976b ||||| |||| 00| 0 eng d
020 _a9788175220461(V.11)
020 _a9788175220218(set).
035 _a(BD-RjUL)50335
040 _aBD-RjUL
_bben
_cBD-RjUL
041 _aben
082 _223
_a781.1
_bTAK 2009
100 1 _aঠাকুর, রবীন্দ্রনাথ
_9150517
245 1 0 _aকেতকী /
_cরবীন্দ্রনাথ ঠাকুর
260 _aকলকাতা :
_bবিশ্বভারতী গ্রন্থবিভগ,
_c২০০৯.
300 _a১০৯ পৃ ;
_c২৭ সেমি
490 _aস্বরবিতান ১১ সিরিজ
650 _aসঙ্গীতের মূলনীতি
_9150489
650 _aBasic Principles of Music
_9150469
942 _2ddc
_cBK
999 _c50215
_d50215